000 01040nam a2200241 a 4500
001 82327
003 BD-RjUL
005 20231122111051.0
008 231122s2015 bg ab||| m||| 00| 0 eng d
035 _a(BD-RjUL)82327
040 _aBD-RjUL
_beng
_cBD-RjUL
_dBD-RjUL
041 _aeng
082 _223
_a539.12
_bDII 2015
100 _aDilruba, Sayada
_910143
245 1 0 _aInvestigation of the Ameliorating Effects of Dietary Supplementations of Plant Materials on Sodium Arsenite-Induced Biochemical and Molecular Perturbation in Mice /
_cSayada Dilruba
_6Supervisor : Md. Khaled Hossain
260 _aRajshahi :
_bDepartment of Biochemistry and Molecular Biology,University of Rajshahi
_c2015
300 _a[5], xiii, [1], 116 leaves :
_bill.;
_c29 cm.
502 _aThesis(Ph.D.)-- Department of Biochemistry and Molecular Biology,University of Rajshahi,2015
504 _aReferences : Leaves 109-114
650 _aMolecular Structure
_xPlant Materials
_910144
700 _aHossain, Md. Khaled, Supervisor
_91512
942 _2ddc
_cTHE
999 _c82327
_d82327